Fortnite Quiz - Statistics

General Stats
  • This quiz has been taken 3,306 times
  • The average score is 7 of 10
Answer Stats
Question Answer % Correct
Which of the following is NOT a rarity level for weapons and items in Fortnite? Elite
97%
What is the maximum number of players in a Fortnite Battle Royale match? 100
96%
Which area of the Fortnite island is known for its desert biome? Paradise Palms
95%
What is the name of the default harvesting tool in Fortnite? Pickaxe
91%
What year was Fortnite Battle Royale officially released? 2017
81%
How many materials can players build structures with in Fortnite? 3
78%
What is the name of the island where players are dropped into at the beginning of a Fortnite match? Spawn Island
77%
Which of the following is NOT a type of vehicle that can be found in Fortnite? Hopper
74%
Which famous dance emote in Fortnite has become a cultural phenomenon? Floss
51%
What is the term used to describe the shrinking playable area in Fortnite matches? Shrink Zone
2%
No matching quizzes found
Score Distribution
Percent of People with Each Score
Percentile by Number Answered
Your Score History
You have not taken this quiz